Britanniques célèbres par images (partie 2) - Statistiques

Statistiques générales
  • Ce quiz a été pris 190 fois
    159 depuis la dernière actualisation
  • Le résultat moyen est 9 sur 16
Statistiques - réponses
Par images Réponse % Correct
Freddie Mercury
90%
Charles III
84%
Daniel Craig
75%
Stephen Hawking
75%
Alfred Hitchcock
72%
J. K. Rowling
67%
Mick Jagger
65%
Wayne Rooney
65%
Élisabeth Ire
60%
Robbie Williams
51%
Rowan Atkinson
51%
Henry VIII
48%
Agatha Christie
46%
Michael Caine
31%
Alexander Fleming
27%
Ringo Starr
27%
Aucun quiz correspondant
Distribution des résultats
% des personnes avec chaque résultat
Percentile par nombre de réponses
Votre historique - résultats
Vous n’avez pas pris ce quiz depuis la dernière actualisation